Logic học : Biên soạn dựa theo chương trình giáo dục Đại học đại cương
Gorde:
| Egile nagusia: | |
|---|---|
| Formatua: | Liburua |
| Hizkuntza: | Undetermined |
| Argitaratua: |
Tp. HCM
Nxb. Tp. HCM
1998
|
| Gaiak: | |
| Etiketak: |
Etiketa erantsi
Etiketarik gabe, Izan zaitez lehena erregistro honi etiketa jartzen!
|
| Thư viện lưu trữ: | Trung tâm Học liệu Trường Đại học Cần Thơ |
|---|
| LEADER | 00540nam a2200181Ia 4500 | ||
|---|---|---|---|
| 001 | CTU_40132 | ||
| 008 | 210402s9999 xx 000 0 und d | ||
| 082 | |a 160 | ||
| 082 | |b M551 | ||
| 100 | |a Bùi, Văn Mưa | ||
| 245 | 0 | |a Logic học : | |
| 245 | 0 | |b Biên soạn dựa theo chương trình giáo dục Đại học đại cương | |
| 245 | 0 | |c Biên soạn: Bùi Văn Mưa | |
| 260 | |a Tp. HCM | ||
| 260 | |b Nxb. Tp. HCM | ||
| 260 | |c 1998 | ||
| 650 | |a logic | ||
| 980 | |a Trung tâm Học liệu Trường Đại học Cần Thơ | ||